000 00546nam a2200181Ia 4500
003 GCL
008 140319s9999 xx 000 0 ara d
040 _aGCL /
_cGCL
082 0 4 _a812.008
_bع س
100 1 _aرشاد رشدى
245 1 0 _aالسعادة الزوجية - القتيل: مسرحيتان /
_cرشاد رشدى
700 1 _aعبدالمنعم سليم
300 _a123 ص
490 _a100 قصة
_v0
650 0 4 _aالادب العربى
650 0 4 _aالمسرحيات العربية - مجموعات
942 _2ddc
_cBK
999 _c46778
_d46778